The Social Context of Cognitive Development /

Esta obra analiza la influencia del contexto social en el desarrollo cognoscitivo. Se enfoca principalmente en cómo se dan procesos propios del aprendizaje como: atención, memoria, y solución de problemas, en el contexto de la familia, la vida en comunidad, y la compañía de los amigos.

Guardado en:
Bibliografiske detaljer
Hovedforfatter: Gauvain, Mary (autor)
Format: Bog
Sprog:engelsk
Udgivet: Nueva York, EUA : Guilford, 2001, c2001
Serier:(The Guilford Series on Social and Emotional Development)
Fag:
Tags: Tilføj Tag
Ingen Tags, Vær først til at tagge denne postø!

MARC

LEADER 00000nam^a2200000^a^4500
001 000160192
005 20250521000000.0
009 20260310100713.492
020 |a 1-57230-610-6 
037 |a Acervo ITESO - Biblioteca 
041 |a ING 
082 |a 153.  |b GAU 
100 |a Gauvain, Mary  |e (autor) 
245 1 4 |a The Social Context of Cognitive Development /  |c M. Gauvain ; pról. de Robert S. Siegler. 
264 4 |a Nueva York, EUA :  |b Guilford,  |c 2001, c2001 
300 |a XX, 249 p. 
336 |a texto  |b txt  |2 rdacontenido 
337 |a sin mediación  |b n  |2 rdamedio 
338 |a volumen  |b nc  |2 rdasoporte 
440 5 |a (The Guilford Series on Social and Emotional Development) 
520 |a Esta obra analiza la influencia del contexto social en el desarrollo cognoscitivo. Se enfoca principalmente en cómo se dan procesos propios del aprendizaje como: atención, memoria, y solución de problemas, en el contexto de la familia, la vida en comunidad, y la compañía de los amigos. 
649 |a XX 
650 |a Atención 
650 |a Aprendizaje 
650 |a Memoria 
650 |a Psicología Cognitiva 
650 |a Desarrollo Cognoscitivo -  |x Aspectos Sociales y Culturales 
650 |a Influencia Social 
650 |a Interacción Social 
650 |a Cambios Sociales y Culturales 
650 |a Sociología 
650 |a Psicología Social 
650 |a Psicología Evolutiva 
650 |a Psicología 
910 |a Fondo General 
920 |a Impresos - Libros 
930 |a Colección General 
905 |a 101 
901 |a 0500093053  |b IT1  |c ACC  |u 20250521 
902 |a https://opac.biblio.iteso.mx/vufind/Record/000160192